00836nam a2200229Ia 4500003000900000005001700009008004100026040001600067080001700083100002400100245015300124260004000277300002300317500002600340650001900366650002800385700002700413700002100440942001200461999001500473952011800488IN-BaIIA20230123113529.0211028s9999 xx 000 0 eng d cIIA Library a530.1bFEY-3 aFeynman, Richard P. 4aThe feynman lectures on physicsbvol. 3, quantum mechanicscRichard P. Feynman, Lenghton, R. B. and Sands M.  aMassachusettsbAddison-Wesleyc1964 a[various pagings.] aDonated by Mrs. Bappu aNASA Thesaurus aQuantum Mechanic912675 aLenghton, R. B.912676 aSands, M.912677 cBK2ddc c7415d7415 00104070aBANbKODcGENd1983-07-05g16.00l0o530.1/ FEY-3p8224r2021-11-05v16.00w1983-07-05yBKGRs. 16.00